Wszystkie miasta Chin z populacją powyżej 1 mln - Statystyki

Ogólne statystyki
  • Ten quiz został rozwiązany 706 razy
  • Średni wynik to 17 z 138
Odpowiedzi na mapie
Odpowiedzi zakodowano w zielono-czerwonej skali na mapie do tego quizu, zgodnie z poniższymi procentami.
 
Statystyki odpowiedzi
Populacja Aglomeracja % Poprawnych
21,2 mln Pekin
98%
40,.8 mln Szanghaj
92%
70,1 mln Kanton
76%
7,25 mln Hongkong
75%
12,2 mln Wuhan
72%
12,8 mln Xi'an
57%
17,3 mln Chengdu
46%
10,9 mln Chongqing
41%
9,30 mln Nankin
37%
14,9 mln Xiamen
36%
5,45 mln Harbin
33%
11,5 mln Tiencin
33%
4,85 mln Urumczi
32%
7,45 mln Qingdao
26%
5,30 mln Dalian
23%
13,9 mln Hangzhou
23%
11,0 mln Changsha
22%
6,50 mln Kunming
21%
8,70 mln Shenyang
20%
7,80 mln Hefei
18%
7,30 mln Ningbo
18%
4,65 mln Fuzhou
17%
5,30 mln Nanning
17%
9,80 mln Zhengzhou
17%
6,55 mln Jinan
16%
2,68 mln Haikou
14%
8,00 mln Shantou
14%
5,10 mln Wenzhou
14%
5,05 mln Changchun
13%
3,50 mln Lanzhou
12%
5,95 mln Taiyuan
12%
1,61 mln Jilin
11%
2,35 mln Anshan
10%
2,73 mln Hohhot
10%
4,98 mln Nanchang
10%
6,20 mln Shijiazhuang
10%
3,18 mln Weifang
10%
2,50 mln Yantai
10%
1,20 mln Changde
9%
5,05 mln Guiyang
9%
4,45 mln Linyi
9%
1,41 mln Maoming
9%
3,35 mln Nantong
9%
2,58 mln Taizhou
9%
1,46 mln Taizhou | Jiangsu
9%
2,70 mln Tangshan
9%
1,47 mln Weihai
9%
2,18 mln Xining
9%
2,40 mln Yinchuan
9%
3,88 mln Zibo
9%
2,18 mln Baotou
8%
1,95 mln Datong
8%
1,76 mln Guilin
8%
1,03 mln Qiqihar
8%
3,08 mln Xuzhou
8%
2,15 mln Baoding
7%
1,19 mln Baoji
7%
1,16 mln Chifeng
7%
1,85 mln Daqing
7%
2,83 mln Handan
7%
1,23 mln Hengyang
7%
1,69 mln Huzhou
7%
1,84 mln Jining
7%
1,23 mln Jinzhou
7%
1,31 mln Kaifeng
7%
2,43 mln Liuzhou
7%
1,24 mln Lu'an
7%
3,60 mln Luoyang
7%
1,52 mln Tai'an
7%
1,43 mln Yancheng
7%
1,54 mln Yulin
7%
2,55 mln Zhuhai
7%
1,91 mln Anyang
6%
1,94 mln Bengbu
6%
2,08 mln Ganzhou
6%
1,50 mln Heze
6%
1,90 mln Huai'an
6%
1,00 mln Linfen
6%
1,00 mln Liuyang
6%
1,29 mln Luzhou
6%
1,68 mln Qinhuangdao
6%
1,24 mln Rizhao
6%
1,79 mln Wuhu
6%
1,77 mln Xiangyang
6%
1,64 mln Xingtai
6%
2,60 mln Xinxiang
6%
1,18 mln Xinyang
6%
1,36 mln Xuchang
6%
2,25 mln Yangzhou
6%
1,37 mln Yichang
6%
2,58 mln Yiwu
6%
1,43 mln Zhangjiakou
6%
1,84 mln Zhanjiang
6%
1,13 mln Zhaoqing
6%
1,05 mln Zhoukou
6%
1,05 mln Beihai
5%
1,77 mln Cangnan
5%
1,23 mln Changzhi
5%
1,31 mln Dazhou
5%
1,24 mln Dezhou
5%
1,03 mln Dongying
5%
1,16 mln Ezhou
5%
1,35 mln Fuyang
5%
1,02 mln Guigang
5%
1,02 mln Hengshui
5%
1,31 mln Huaibei
5%
1,87 mln Huainan
5%
1,04 mln Huludao
5%
3,10 mln Jiangyin
5%
1,60 mln Jiaozuo
5%
2,18 mln Jiaxing
5%
1,53 mln Jinhua
5%
1,05 mln Jiujiang
5%
1,03 mln Langfang
5%
1,18 mln Liaocheng
5%
1,74 mln Mianyang
5%
1,39 mln Nanchong
5%
1,61 mln Nanyang
5%
1,02 mln Panjin
5%
2,03 mln Pingdingshan
5%
1,67 mln Puyang
5%
1,30 mln Qingyuan
5%
1,11 mln Qujing
5%
1,67 mln Shangqiu
5%
1,52 mln Shangrao
5%
1,04 mln Shiyan
5%
1,19 mln Suqian
5%
1,16 mln Wanzhou
5%
1,26 mln Yibin
5%
1,06 mln Yongkang
5%
1,94 mln Zunyi
5%
1,03 mln Chuzhou
4%
1,13 mln Lianyungang
4%
1,05 mln Shaoyang
4%
1,08 mln Shuyang
4%
1,.20 mln Yueyang
4%
1,84 mln Zaozhuang
4%
1,19 mln Zhenjiang
4%
Nie znaleziono quizów pasujących do podanych kryteriów
Rozkład punktacji
Procent ludzi z każdym wynikiem
Percentyl według liczby udzielonych odpowiedzi
Twoja historia wyników
Nie rozwiązałeś tego quizu